[Event "Vaxjo op"]
[Site "Vaxjo"]
[Date "2024.02.09"]
[Round "4"]
[White "Kistrup, Nicolai"]
[Black "Nilsson, Oliver"]
[Result "1-0"]
[WhiteElo "2326"]
[BlackElo "1973"]
[PlyCount "31"]
[EventDate "2024.02.09"]
[EventType "swiss"]
[EventRounds "8"]
[EventCountry "SWE"]
[SourceTitle "CB07_2024"]
[SourceDate "2024.02.14"]
[SourceVersion "1"]
[SourceVersionDate "2024.02.14"]
[SourceQuality "1"]

1. d4 Nf6 2. c4 g6 3. Nc3 Bg7 4. e4 d6 5. h3 0-0 6. Be3 e5 7. d5 Na6 8. g4 Nc5 9. f3 a5 10. Qd2 a4 11. 0-0-0 Bd7 12. h4 h5 13. g5 Ne8 14. Nh3 c6 15. dxc6 Be6 16. Bxc5 1-0

[Event "Vaxjo op"]
[Site "Vaxjo"]
[Date "2024.02.09"]
[Round "2"]
[White "Nilsson, Oliver"]
[Black "Olsson, William"]
[Result "1-0"]
[WhiteElo "1973"]
[BlackElo "2373"]
[PlyCount "71"]
[EventDate "2024.02.09"]
[EventType "swiss"]
[EventRounds "8"]
[EventCountry "SWE"]
[SourceTitle "CB07_2024"]
[SourceDate "2024.02.14"]
[SourceVersion "1"]
[SourceVersionDate "2024.02.14"]
[SourceQuality "1"]

1. e4 c5 2. Nc3 Nc6 3. Bb5 Nd4 4. Nf3 g6 5. Bc4 Bg7 6. Nxd4 cxd4 7. Qf3 e6 8. Nb5 d6 9. Qa3 Bf8 10. Nxd4 Nf6 11. d3 d5 12. Bb5+ Bd7 13. Qa4 dxe4 14. Bg5 Be7 15. Rd1 exd3 16. Rxd3 Nd5 17. Bxe7 Qxe7 18. 0-0 Rd8 19. Rfd1 0-0 20. Bxd7 Rxd7 21. c4 Nb6 22. Qb5 Rfd8 23. c5 Rd5 24. Nb3 a6 25. Rxd5 Nxd5 26. Qc4 Rc8 27. h3 Qf6 28. Qd4 Qg5 29. g3 Qe7 30. Qe5 h5 31. Rxd5 a5 32. Rd6 a4 33. Nd4 Qc7 34. Nxe6 fxe6 35. Qxe6+ Kh8 36. Rd7 1-0

[Event "Vaxjo op"]
[Site "Vaxjo"]
[Date "2024.02.09"]
[Round "3"]
[White "Rydstrom, Tom"]
[Black "Nilsson, Oliver"]
[Result "1-0"]
[WhiteElo "2254"]
[BlackElo "1973"]
[PlyCount "47"]
[EventDate "2024.02.09"]
[EventType "swiss"]
[EventRounds "8"]
[EventCountry "SWE"]
[SourceTitle "CB07_2024"]
[SourceDate "2024.02.14"]
[SourceVersion "1"]
[SourceVersionDate "2024.02.14"]
[SourceQuality "1"]

1. e4 e5 2. Nf3 Nc6 3. Bc4 Nf6 4. d3 h6 5. Nc3 d6 6. a3 g6 7. h3 Bg7 8. 0-0 0-0 9. Re1 Kh7 10. Be3 Be6 11. Bxe6 fxe6 12. d4 Nh5 13. dxe5 dxe5 14. Qxd8 Raxd8 15. Rad1 Nd4 16. Bxd4 exd4 17. Nb5 Rd7 18. c3 d3 19. Nbd4 Nf4 20. b4 Bxd4 21. cxd4 Ne2+ 22. Kf1 Rxd4 23. Nxd4 Ng3+ 24. Kg1 1-0

[Event "Uppsala Young Champions 10th"]
[Site "Uppsala"]
[Date "2023.10.28"]
[Round "3"]
[White "Mai, Alexander Oliver"]
[Black "Nilsson, Oliver"]
[Result "1-0"]
[WhiteElo "2118"]
[BlackElo "1933"]
[PlyCount "76"]
[EventDate "2023.10.27"]
[EventType "swiss"]
[EventRounds "9"]
[EventCountry "SWE"]
[SourceTitle "Mega2024 Update 01"]
[Source "Chessbase"]
[SourceDate "2023.11.12"]
[SourceVersion "1"]
[SourceVersionDate "2023.11.12"]
[SourceQuality "1"]

1. Nf3 Nf6 2. g3 g6 3. Bg2 Bg7 4. 0-0 0-0 5. d4 d6 6. a4 c5 7. dxc5 dxc5 8. c3 Nc6 9. Be3 c4 10. Na3 Na5 11. Qxd8 Rxd8 12. Nb5 Bd7 13. Ne5 a6 14. Nc7 Rac8 15. Bb6 Nb3 16. Rad1 Bxa4 17. Bxb7 Rxd1 18. Bxc8 Rxf1+ 19. Kxf1 Nd2+ 20. Ke1 Nfe4 21. Ng4 Nd6 22. Bxa6 Nb3 23. f4 Bc6 24. Ne3 Ne4 25. Bxc4 Nbc5 26. Nd1 Na4 27. Bd4 Bxd4 28. cxd4 Nd6 29. Bd3 f5 30. Kd2 Ne4+ 31. Bxe4 Bxe4 32. b3 Nb6 33. Kc3 Nd5+ 34. Nxd5 Bxd5 35. Ne3 Be4 36. d5 Kf8 37. Kd4 Ke8 38. b4 Kd7 1-0

[Event "Uppsala Young Champions 10th"]
[Site "Uppsala"]
[Date "2023.10.28"]
[Round "2"]
[White "Nilsson, Oliver"]
[Black "Steiners, Emils"]
[Result "1/2-1/2"]
[WhiteElo "1933"]
[BlackElo "1914"]
[PlyCount "181"]
[EventDate "2023.10.27"]
[EventType "swiss"]
[EventRounds "9"]
[EventCountry "SWE"]
[SourceTitle "Mega2024 Update 01"]
[Source "Chessbase"]
[SourceDate "2023.11.12"]
[SourceVersion "1"]
[SourceVersionDate "2023.11.12"]
[SourceQuality "1"]

1. e4 e6 2. d3 d5 3. Nd2 Be7 4. Ngf3 Nf6 5. g3 0-0 6. Bg2 c5 7. 0-0 Nc6 8. Re1 Qc7 9. Nf1 dxe4 10. dxe4 Rd8 11. Qe2 e5 12. c3 b6 13. Bg5 a5 14. Bxf6 Bxf6 15. Rad1 Ba6 16. Qc2 Bxf1 17. Bxf1 Ne7 18. a4 g6 19. Bc4 Nc8 20. Rxd8+ Qxd8 21. Rd1 Nd6 22. Nd2 Qd7 23. Nf1 Rd8 24. Ne3 Bg7 25. Qb3 Qb7 26. f3 Kh8 27. Nd5 Nxc4 28. Qxc4 Qc6 29. Ra1 f5 30. Qb5 Qxb5 31. axb5 Rb8 32. b3 Bf8 33. c4 Bg7 34. Kf2 Rb7 35. Ke2 Kg8 36. Rd1 fxe4 37. fxe4 Kf7 38. Rf1+ Ke6 39. g4 h6 40. h4 Rb8 41. Nc7+ Ke7 42. Rd1 Rb7 43. Nd5+ Ke6 44. Ne3 Rb8 45. h5 g5 46. Nf5 Bf8 47. Rd5 Ra8 48. Kd3 Rb8 49. Kc3 Ra8 50. Kb2 Rb8 51. Ka3 Ra8 52. Ka4 Rb8 53. Rd1 Ra8 54. Ne3 Rb8 55. Nd5 Rb7 56. Rf1 Bg7 57. Rf5 Rb8 58. Rf2 Rb7 59. Rf1 Rb8 60. Ka3 Rb7 61. Kb2 Rb8 62. Ra1 Bf8 63. Rf1 Bg7 64. b4 cxb4 65. Kb3 Rb7 66. Ka4 Kd6 67. Ne3 Ke6 68. Rd1 Rb8 69. Rd5 Bf8 70. Nf1 Rc8 71. Nd2 Bd6 72. Kb3 Ra8 73. Ka4 Rc8 74. Rd3 Rf8 75. Rf3 Rxf3 76. Nxf3 Bc5 77. Nd2 Be3 78. Nf3 Kd6 79. Kb3 Bf4 80. Ne1 Be3 81. Nd3 Bc5 82. Nc1 Be3 83. Nd3 Bc5 84. Ka4 Be3 85. Kb3 Bc5 86. Nb2 Bd4 87. Na4 Bc5 88. Kc2 Bd4 89. Kb3 Bc5 90. Nb2 Bd4 91. Nd3 1/2-1/2

[Event "Uppsala Young Champions 10th"]
[Site "Uppsala"]
[Date "2023.10.27"]
[Round "1"]
[White "Morell, Ludvig"]
[Black "Nilsson, Oliver"]
[Result "1/2-1/2"]
[WhiteElo "2017"]
[BlackElo "1933"]
[PlyCount "91"]
[EventDate "2023.10.27"]
[EventType "swiss"]
[EventRounds "9"]
[EventCountry "SWE"]
[SourceTitle "Mega2024 Update 01"]
[Source "Chessbase"]
[SourceDate "2023.11.12"]
[SourceVersion "1"]
[SourceVersionDate "2023.11.12"]
[SourceQuality "1"]

1. e4 e5 2. Nf3 Nc6 3. Bc4 Nf6 4. d3 h6 5. c3 d6 6. Qe2 g6 7. Nbd2 Bg7 8. Nf1 d5 9. Bb3 0-0 10. Bd2 Be6 11. 0-0-0 dxe4 12. dxe4 Bxb3 13. axb3 Qe7 14. Ne3 Rfd8 15. Nh4 Qe6 16. Nc4 b5 17. Na3 a6 18. Kc2 Rd4 19. f3 Rb4 20. Kb1 Rxb3 21. Nc2 Qc4 22. Qxc4 bxc4 23. Ne3 Na5 24. Kc2 Rab8 25. Bc1 h5 26. Nd5 Nxd5 27. Rxd5 R3b5 28. Rhd1 Nb3 29. Rd8+ Kh7 30. Rxb8 Rxb8 31. Rd7 Nxc1 32. Kxc1 Bh6+ 33. Kc2 Bg5 34. g3 Rd8 35. Rxf7+ Kg8 36. Rxc7 Rd2+ 37. Kb1 Bxh4 38. gxh4 Rxh2 39. Rxc4 Rxh4 40. Rc8+ Kg7 41. c4 Rf4 42. c5 Rf8 43. Rc7+ Rf7 44. Rc8 Rf8 45. Rc7+ Rf7 46. Rc8 1/2-1/2

[Event "Uppsala op"]
[Site "Uppsala"]
[Date "2023.08.07"]
[Round "1"]
[White "Nilsson, Oliver"]
[Black "Eriksson, Alexander"]
[Result "0-1"]
[WhiteElo "1882"]
[BlackElo "1546"]
[PlyCount "116"]
[EventDate "2023.08.07"]
[EventType "swiss"]
[EventRounds "7"]
[EventCountry "SWE"]
[SourceTitle "CBM 215 Extra"]
[Source "ChessBase"]
[SourceDate "2023.09.30"]
[SourceVersion "1"]
[SourceVersionDate "2023.09.30"]
[SourceQuality "1"]

1. e4 e5 2. Nf3 Nf6 3. Nxe5 d6 4. Nf3 Nxe4 5. Nc3 Nxc3 6. dxc3 Be7 7. Be3 0-0 8. Bd3 Nc6 9. h4 g6 10. h5 Bg4 11. hxg6 fxg6 12. Bc4+ Kh8 13. Bd4+ Bf6 14. Qd3 Bxf3 15. gxf3 Bxd4 16. cxd4 Qe7+ 17. Kf1 Qf6 18. c3 Qxf3 19. Qxf3 Rxf3 20. Bd5 Rff8 21. Re1 Rae8 22. Rxe8 Rxe8 23. Bf7 Re7 24. Bxg6 Kg8 25. Bd3 Nd8 26. Rh6 d5 27. Bf5 c6 28. f3 Rf7 29. Bg4 Kf8 30. Kf2 Ke7 31. Ke3 Rg7 32. a4 Nf7 33. Re6+ Kd8 34. Kf4 Rg6 35. Re2 Nd6 36. Rh2 Rg7 37. b3 a5 38. Rh6 Kc7 39. Re6 b5 40. Ke5 bxa4 41. bxa4 Nc4+ 42. Kf6 Rg6+ 43. Kf7 Rxe6 44. Kxe6 Kd8 45. Bh5 Nb6 46. f4 Nxa4 47. f5 Nxc3 48. f6 Ne4 49. Bd1 Ke8 50. Ba4 Kf8 51. Bxc6 Nc3 52. Kd6 Kf7 53. Kc5 Kxf6 54. Bd7 h5 55. Bc8 h4 56. Bd7 Kg5 57. Be6 Kf4 58. Bh3 Kg3 0-1

[Event "Reykjavik op"]
[Site "Reykjavik"]
[Date "2023.03.31"]
[Round "4"]
[White "Nilsson, Oliver"]
[Black "Kushko, Dmitriy"]
[Result "0-1"]
[WhiteElo "1955"]
[BlackElo "2379"]
[PlyCount "60"]
[EventDate "2023.03.29"]
[EventType "swiss"]
[EventRounds "9"]
[EventCountry "ISL"]
[SourceTitle "CBM 213 Extra"]
[Source "ChessBase"]
[SourceDate "2023.05.31"]
[SourceVersion "1"]
[SourceVersionDate "2023.05.31"]
[SourceQuality "1"]

1. e4 g6 2. d4 Bg7 3. Nc3 d6 4. Nf3 Bg4 5. Be2 Nc6 6. Be3 Nf6 7. 0-0 0-0 8. Qd2 a6 9. a4 e5 10. d5 Ne7 11. a5 Bd7 12. Ne1 c6 13. f3 cxd5 14. Nxd5 Nfxd5 15. exd5 Nf5 16. Bf2 h5 17. c4 h4 18. Nc2 Bh6 19. Qb4 Bf4 20. Bd3 Qg5 21. Qxb7 h3 22. g4 Bxh2+ 23. Kxh2 Qf4+ 24. Kg1 Qxf3 25. Ne1 Qxg4+ 26. Kh1 Rab8 27. Qa7 Rxb2 28. Ra3 e4 29. Qxd7 exd3 30. Qxf5 Qxf5 0-1

[Event "Vaxjo op"]
[Site "Vaxjo"]
[Date "2023.02.12"]
[Round "7"]
[White "Lindholm, Gustav"]
[Black "Nilsson, Oliver"]
[Result "1-0"]
[WhiteElo "2128"]
[BlackElo "1925"]
[PlyCount "57"]
[EventDate "2023.02.10"]
[EventType "swiss"]
[EventRounds "8"]
[EventCountry "SWE"]
[SourceTitle "CBM 212 Extra"]
[Source "ChessBase"]
[SourceDate "2023.03.31"]
[SourceVersion "1"]
[SourceVersionDate "2023.03.31"]
[SourceQuality "1"]

1. d4 d5 2. c4 e6 3. Nc3 a6 4. Nf3 dxc4 5. a4 Nc6 6. e3 Na5 7. Nd2 c5 8. Nxc4 Nf6 9. Be2 Nxc4 10. Bxc4 cxd4 11. exd4 Bb4 12. 0-0 Qc7 13. Qb3 Bd6 14. h3 0-0 15. Be3 Bd7 16. Rac1 Rac8 17. Be2 Bc6 18. Rfd1 Qb8 19. Bc4 Rfd8 20. Bg5 Be7 21. Bh4 Qa7 22. Bg3 Kh8 23. Be5 Nd7 24. Bf4 Nb6 25. Be2 Nxa4 26. Nxa4 Rxd4 27. Be3 Rcd8 28. Bxd4 Rxd4 29. Nb6 1-0

[Event "Vaxjo op"]
[Site "Vaxjo"]
[Date "2023.02.10"]
[Round "2"]
[White "Nilsson, Oliver"]
[Black "Johansson, Gunnar"]
[Result "1-0"]
[WhiteElo "1925"]
[BlackElo "2260"]
[PlyCount "111"]
[EventDate "2023.02.10"]
[EventType "swiss"]
[EventRounds "8"]
[EventCountry "SWE"]
[SourceTitle "CBM 212 Extra"]
[Source "ChessBase"]
[SourceDate "2023.03.31"]
[SourceVersion "1"]
[SourceVersionDate "2023.03.31"]
[SourceQuality "1"]

1. e4 c5 2. Nf3 e6 3. g3 d5 4. exd5 exd5 5. d4 Nf6 6. Bg2 Be7 7. dxc5 Bxc5 8. 0-0 0-0 9. Bg5 Nc6 10. Nc3 d4 11. Ne4 Be7 12. Nxf6+ Bxf6 13. Bxf6 Qxf6 14. Qd3 Bf5 15. Qb3 Rab8 16. Rad1 Rfd8 17. Rfe1 h6 18. Nd2 Qg6 19. Ne4 Re8 20. f3 Re7 21. Re2 Rbe8 22. Rde1 Be6 23. Qa4 Bc8 24. Kf1 Qh5 25. Qa3 Qb5 26. Kg1 Qb4 27. Qxb4 Nxb4 28. Nf6+ gxf6 29. Rxe7 Rxe7 30. Rxe7 Be6 31. c3 dxc3 32. bxc3 Nxa2 33. Rxb7 Nxc3 34. Rxa7 Ne2+ 35. Kf2 Nd4 36. f4 Nf5 37. Bh3 Kg7 38. Ra5 Ne7 39. Bxe6 fxe6 40. Ra7 Kf7 41. Kf3 f5 42. h3 h5 43. Ra8 Kf6 44. Rh8 Kg6 45. Ke3 Nc6 46. Rg8+ Kf6 47. Rg5 Ne7 48. Rxh5 Kg7 49. Rg5+ Kf6 50. h4 Kf7 51. h5 Nd5+ 52. Kd4 Nf6 53. h6 Ne4 54. Rg7+ Kf6 55. Ra7 Nxg3 56. h7 1-0

[Event "Uppsala Young Champions 9th"]
[Site "Uppsala"]
[Date "2022.10.28"]
[Round "1"]
[White "Kaasen, Tor Fredrik"]
[Black "Nilsson, Oliver"]
[Result "1-0"]
[WhiteElo "2445"]
[BlackElo "1926"]
[PlyCount "63"]
[EventDate "2022.10.28"]
[EventType "swiss"]
[EventRounds "9"]
[EventCountry "SWE"]
[SourceTitle "EXT 2024"]
[Source "ChessBase"]
[SourceDate "2023.10.10"]
[SourceVersion "1"]
[SourceVersionDate "2023.10.10"]
[SourceQuality "1"]

1. e4 e5 2. Nf3 Nc6 3. Bc4 Nf6 4. d3 Bc5 5. 0-0 d6 6. c3 a6 7. a4 Ba7 8. Re1 0-0 9. h3 h6 10. Nbd2 Re8 11. b4 Be6 12. Bxe6 Rxe6 13. Qc2 d5 14. Rb1 b5 15. c4 dxc4 16. dxc4 a5 17. bxa5 b4 18. Nb3 Qe7 19. Rd1 Nd4 20. Nbxd4 exd4 21. e5 Nd7 22. Nxd4 Bxd4 23. Rxd4 Rxe5 24. Bf4 Rexa5 25. Qd2 Nf6 26. Re1 Qc5 27. Be5 Re8 28. Bxf6 Rxe1+ 29. Qxe1 gxf6 30. Rd8+ Kh7 31. Qe8 h5 32. Qxf7+ 1-0

[Event "Stockholm op"]
[Site "Stockholm"]
[Date "2018.08.17"]
[Round "7"]
[White "Nilsson, Oliver"]
[Black "Belokon, Artour"]
[Result "0-1"]
[WhiteElo "1418"]
[BlackElo "2003"]
[PlyCount "108"]
[EventDate "2018.08.13"]
[EventType "swiss"]
[EventRounds "9"]
[EventCountry "SWE"]
[SourceTitle "EXT 2019"]
[Source "ChessBase"]
[SourceDate "2018.10.10"]
[SourceVersion "1"]
[SourceVersionDate "2018.10.10"]
[SourceQuality "1"]

1. b4 Nf6 2. Bb2 d5 3. e3 c6 4. Be2 e6 5. a3 a5 6. b5 cxb5 7. Bxb5+ Bd7 8. Qe2 Nc6 9. d4 Bd6 10. Nf3 Qc7 11. Nc3 0-0 12. 0-0 Rfc8 13. Rad1 Ne7 14. Rd2 Ng6 15. Rfd1 h6 16. h3 Bxa3 17. Nxd5 Nxd5 18. Bxd7 Bxb2 19. Bxc8 Nc3 20. Qd3 Nxd1 21. Rxd1 Rxc8 22. d5 exd5 23. Qxd5 a4 24. h4 Qc6 25. Qf5 Nf8 26. Ne5 Bxe5 27. Qxe5 Qxc2 28. Rd4 Qc1+ 29. Kh2 Qc7 30. Qxc7 Rxc7 31. Rxa4 b5 32. Rb4 Rb7 33. Kg3 Ne6 34. f4 Kf8 35. Kf3 Nc5 36. g4 Na6 37. Rb1 b4 38. Ke4 Ke7 39. Kd4 Kd6 40. h5 b3 41. f5 f6 42. e4 Nc5 43. e5+ fxe5+ 44. Kc4 Ne4 45. f6 Nxf6 46. g5 hxg5 47. h6 gxh6 48. Rf1 Ke6 49. Ra1 b2 50. Rb1 g4 51. Kc5 Ne4+ 52. Kc6 Rb3 53. Rh1 b1Q 54. Rxh6+ Nf6 0-1